000 00911nam a2200265 i 4500
001 bg
100 1 _aMANTEUFFEL-SZOEGE, Henryk
245 1 0 _aZarys problemów ekonomiki środowiska /
_cHenryk Manteuffel Szoege.
250 _aWyd. 2 zm.
260 _aWarszawa :
_bWydaw. SGGW [Szkoły Głównej Gospodarstwa Wiejskiego],
_c2003.
300 _a178 s. :
_btab., wykr. ;
_c24 cm.
504 _aBibliogr. s. 169-178.
650 9 _aOchrona środowiska
_xekonomika
650 9 _aOchrona środowiska
_xekonomika
_zPolska
_yod 1989 r.
650 9 _aPrzedsiębiorstwo
_xekonomika
655 _aPodręczniki akademickie
020 _a8372444765
040 _cBPK
041 0 _apol
080 _a504.03:658.14/.17](438)"1989/..."(075.8)
920 _a83-7244-476-5
942 _cKS
008 s pl f |000 0 pol
999 _c44948
_d44948
856 _uhttp://koha.tu.koszalin.pl/cgi-bin/koha/opac-detail.pl?biblionumber=44948
_yKatalog online BPK